00563nam a2200181Ia 4500003000900000008004100009020002200050040001600072080002500088100001900113245012200132260002500254300001600279650002000295650002700315650001400342650002500356IN-BaIIA211028s9999 xx 000 0 eng d a978-3-319-10992-3 cIIA Library a524.3-52(082.1)bAST aMiglio, Andrea 0aAsteroseismology of stellar populations in the milky waycAndrea Miglio  aChambSpringerc2015 axiii, 185p. aAstroseismology aDeep space - milky way aMilky way aStellar oscillations